| 000 | 00675nam a2200229Ia 4500 | ||
|---|---|---|---|
| 003 | GCL | ||
| 008 | 140319s9999 xx 000 0 ara d | ||
| 040 |
_aGCL / _cGCL |
||
| 082 | 0 | 4 |
_a935 _bع ب |
| 100 | 1 | _aعبدالحكيم الذنون | |
| 245 | 1 | 0 |
_aبدايات الحضارة / _cعبدالحكيم الذنون |
| 300 | _a96 ص | ||
| 490 |
_aالهيئة العامة للاستعلامات _v0 |
||
| 650 | 0 | 4 | _aالحضارة القديمة |
| 650 | 0 | 4 | _aالاشوريون |
| 650 | 0 | 4 | _aحضارة العراق القديمة |
| 650 | 0 | 4 | _aالكنعانيون |
| 650 | 0 | 4 | _aنينوى |
| 650 | 0 | 4 | _aسومر |
| 650 | 0 | 4 | _aكلكامش |
| 942 |
_2ddc _cBK |
||
| 999 |
_c47926 _d47926 |
||